000 00758cam a22002053a 4500
001 44054
003 PGUSA
005 20140828084013.0
008 131027s2013||||xxu|||||s|||||000 | eng d
040 _aPGUSA
_beng
042 _adc
100 1 _aJunot, Laure
_q(duchesse d'Abrantès),
_d1784-1838
245 1 0 _aHistoire des salons de Paris (Tome 4 /6) :
_bTableaux et portraits du grand monde sous Louis XVI, Le Directoire, le Consulat et l'Empire, la Restauration et le règne de Louis-Philippe Ier.
_h[electronic resource] /
_cLaure Junot
260 _bProject Gutenberg,
_c2013
506 _aPublic domain in the USA.
516 _aElectronic text
830 0 _aProject Gutenberg
_v44054
856 4 0 _uhttp://www.gutenberg.org/ebooks/44054
942 _cEB
999 _c273305
_d273305